| 000 | 00793nam a22002417a 4500 | ||
|---|---|---|---|
| 005 | 20140904115038.0 | ||
| 010 | _aENG-110713 | ||
| 020 |
_a9788120350243 _c995.00 |
||
| 035 | _aEN-94245 | ||
| 037 | _bDBAD/PUB | ||
| 082 | _a631.53 | ||
| 245 |
_aHartmann & Kester's plant propagation : _cby Hudson T. Hartmann...[et al] _bprinciples and practices / |
||
| 246 | _aPlant propagation | ||
| 250 | _a8th ed | ||
| 260 |
_aDelhi _bPHI Learning _c2014 |
||
| 270 |
_aRimjhim House, 111, Patparganj Industrial Estate _bDelhi _e110092 |
||
| 300 |
_axii,915p. : _c28cm(pbk) _bill. |
||
| 500 | _aPrevious ed.: 2002. | ||
| 500 | _a Includes bibliographical references and index. | ||
| 650 | _aPlant propagation. | ||
| 700 | _aHartmann, Hudson T. | ||
| 942 |
_2ddc _cEN _mHAR _h631.53 |
||
| 999 |
_c88264 _d88264 |
||